Một số suy nghĩ về thừa kế trong Luật dân sự Việt Nam
Nghiên cứu những vấn đề cơ bản trong luật thừa kế của bộ luật dân sự như: mở thừa kế, xác lập khả năng thừa kế theo pháp luật, chỉ định người thừa kế, các hình thức giao chuyển di sản theo ý chí và giới hạn quyền chuyển giao, thư...
Αποθηκεύτηκε σε:
| Κύριος συγγραφέας: | |
|---|---|
| Μορφή: | Βιβλίο |
| Γλώσσα: | Undetermined |
| Έκδοση: |
Thành phố Hồ Chí Minh
Trẻ
1999
|
| Θέματα: | |
| Ετικέτες: |
Προσθήκη ετικέτας
Δεν υπάρχουν, Καταχωρήστε ετικέτα πρώτοι!
|
| Thư viện lưu trữ: | Trung tâm Học liệu Trường Đại học Cần Thơ |
|---|
| LEADER | 01204nam a2200217Ia 4500 | ||
|---|---|---|---|
| 001 | CTU_36648 | ||
| 008 | 210402s9999 xx 000 0 und d | ||
| 020 | |c 52000 | ||
| 082 | |a 346.59705 | ||
| 082 | |b Đ305 | ||
| 100 | |a Nguyễn, Ngọc Điện | ||
| 245 | 0 | |a Một số suy nghĩ về thừa kế trong Luật dân sự Việt Nam | |
| 245 | 0 | |c Nguyễn Ngọc Điện | |
| 260 | |a Thành phố Hồ Chí Minh | ||
| 260 | |b Trẻ | ||
| 260 | |c 1999 | ||
| 520 | |a Nghiên cứu những vấn đề cơ bản trong luật thừa kế của bộ luật dân sự như: mở thừa kế, xác lập khả năng thừa kế theo pháp luật, chỉ định người thừa kế, các hình thức giao chuyển di sản theo ý chí và giới hạn quyền chuyển giao, thực hiện quyền chuyển giao di sản theo luật định. Vấn đề quản lý tài sản và thanh toán nợ di sả | ||
| 650 | |a Civil law,Luật dân sự | ||
| 650 | |z Vietnam,Việt Nam | ||
| 904 | |i Minh, Q. Hiếu (sửa) | ||
| 980 | |a Trung tâm Học liệu Trường Đại học Cần Thơ | ||